DC or Marvel - Statistics

General Stats
  • This quiz has been taken 344 times
    326 since last reset
  • The average score is 61 of 65
Answer Stats
Character Marvel/ DC % Correct
Atom DC
100%
Batman DC
100%
Superman DC
100%
Captain America Marvel
100%
Iron Man Marvel
100%
Wonder Man Marvel
100%
Daredevil Marvel
100%
Power Girl DC
99%
Aquaman DC
99%
Green Lantern DC
99%
Martian Manhunter DC
99%
Wonder Woman DC
99%
Green Arrow DC
99%
Thor Marvel
99%
Spiderman Marvel
99%
Wolverine Marvel
99%
Deadpool Marvel
99%
Doctor Strange Marvel
99%
Black Panther Marvel
99%
The Thing Marvel
99%
Artemis DC
98%
Shazam DC
98%
Deathstroke DC
98%
Lois Lane DC
98%
Joker DC
98%
Magneto Marvel
98%
Doctor Doom Marvel
98%
Loki Marvel
98%
Vixen DC
97%
Booster Gold DC
97%
Doctor Fate DC
97%
Mr. Freeze DC
97%
Vison Marvel
97%
Nick Fury Marvel
97%
Bucky Barnes Marvel
97%
Amanda Waller DC
96%
Flash DC
96%
Mary Jane Marvel
96%
Professor X Marvel
96%
Punisher Marvel
96%
Ant man Marvel
96%
Doomsday DC
95%
Luke Cage Marvel
95%
Ultron Marvel
94%
Zoom DC
92%
She-Hulk Marvel
92%
Trigon DC
91%
Beast Marvel
91%
Venom Marvel
91%
Darkseid DC
90%
Thanos Marvel
90%
Orion DC
89%
Metamorpho DC
89%
Roy Harper DC
89%
Silver Surfer Marvel
88%
Hawkgirl DC
86%
Nightwing DC
86%
Cyclops Marvel
86%
Quicksilver Marvel
84%
Scarecrow DC
82%
Colossus Marvel
81%
Hawkman DC
80%
Ghost Rider Marvel
80%
Blue Beetle DC
79%
Scarlet Witch Marvel
78%
No matching quizzes found
Score Distribution
Percent of People with Each Score
Percentile by Number Answered
Your Score History
You have not taken this quiz since the last reset